Вып. 22; Гидравлические машины

Podrobná bibliografie
Parent link:Гидравлические машины: республиканский межведомственный научно-технический сборник/ Харьковский политехнический институт (ХПИ) ; под ред. Д. Я. Алексапольского. Вып. 22.— , 1967-1991
Jazyk:ruština
Vydáno: 1988
Témata:
Médium: MixedMaterials Kniha
KOHA link:https://koha.lib.tpu.ru/cgi-bin/koha/opac-detail.pl?biblionumber=261396

MARC

LEADER 00000nam2a2200000 4500
001 261396
005 20231101233548.0
035 |a (RuTPU)RU\TPU\book\284375 
035 |a RU\TPU\book\274044 
090 |a 261396 
100 |a 20140522d1988 k y0rusy50 ca 
101 0 |a rus 
102 |a UA 
105 |a a z 001zy 
200 0 |a Вып. 22 
210 |d 1988 
215 |a 137 с.  |c ил. 
320 |a Библиография в конце статей 
461 1 |0 (RuTPU)RU\TPU\book\157685  |t Гидравлические машины  |o республиканский межведомственный научно-технический сборник  |f Харьковский политехнический институт (ХПИ) ; под ред. Д. Я. Алексапольского  |v Вып. 22  |d 1967-1991 
606 1 |a Гидравлические машины  |2 stltpush  |3 (RuTPU)RU\TPU\subj\6480  |9 34359 
610 1 |a радиально-осевые гидротурбины 
610 1 |a параметры 
610 1 |a расчет 
610 1 |a проточная часть 
610 1 |a течение жидкостей 
610 1 |a моделирование 
610 1 |a гидравлические турбины 
610 1 |a поршневые насосы 
610 1 |a центробежные насосы 
610 1 |a потоки 
610 1 |a регуляторы 
675 |a 621.22  |v 3 
801 1 |a RU  |b 63413507  |c 20130119 
801 2 |a RU  |b 63413507  |c 20160516  |g RCR 
942 |c BK